Alphabet in Random Order - Statistics

General Stats
  • This quiz has been taken 19 times
  • The average score is 17 of 26
Answer Stats
Hint Answer % Correct
2 B
93%
3 C
93%
1 A
79%
4 D
79%
5 E
79%
6 F
79%
11 K
79%
12 L
79%
7 G
71%
9 I
71%
14 N
71%
8 H
64%
10 J
64%
13 M
64%
16 P
64%
26 Z
64%
15 O
57%
17 Q
57%
23 W
50%
24 X
50%
25 Y
50%
19 S
43%
20 T
43%
18 R
36%
21 U
36%
22 V
36%
No matching quizzes found
Score Distribution
Percent of People with Each Score
Percentile by Number Answered
Your Score History
You have not taken this quiz